[Event "IECG TE.2001.F.00800 email"]
[Site "IECG email"]
[Date "2005.01.28"]
[Round "?"]
[White "Subramanian, Ravichandran"]
[Black "Geiger, Walter"]
[Result "1/2-1/2"]
[WhiteElo "1061"]
[BlackElo "2075"]
[PlyCount "45"]
[EventDate "2005.01.28"]
[EventType "tourn (corr)"]
[EventRounds "4"]
[SourceTitle "Corr 2008"]
[Source "ChessBase"]
[SourceDate "2008.06.24"]
[SourceVersion "1"]
[SourceVersionDate "2008.06.24"]
[SourceQuality "1"]

1. e4 d6 2. d4 Nf6 3. Nc3 g6 4. Nf3 Bg7 5. Be3 0-0 6. Qd2 Nbd7 7. Bh6 c6 8. Bxg7 Kxg7 9. 0-0-0 Qa5 10. Kb1 b5 11. e5 dxe5 12. dxe5 Ng4 13. e6 Nde5 14. Nxe5 Nxe5 15. exf7 b4 16. Ne2 Be6 17. Nc1 Rad8 18. Qe1 Rxd1 19. Qxd1 Qd5 20. Ba6 Qxd1 21. Rxd1 Bd5 22. f4 Nd7 23. Bc4 1/2-1/2

[Event "IECG TE.2001.F.00800 email"]
[Site "IECG email"]
[Date "2005.01.28"]
[Round "?"]
[White "Subramanian, Ravichandran"]
[Black "Pott, Brian"]
[Result "1/2-1/2"]
[WhiteElo "1061"]
[BlackElo "1821"]
[PlyCount "108"]
[EventDate "2005.01.28"]
[EventType "tourn (corr)"]
[EventRounds "4"]
[SourceTitle "Corr 2008"]
[Source "ChessBase"]
[SourceDate "2008.06.24"]
[SourceVersion "1"]
[SourceVersionDate "2008.06.24"]
[SourceQuality "1"]

1. e4 d6 2. d4 Nf6 3. Nc3 g6 4. Nf3 Bg7 5. Be3 0-0 6. Qd2 e5 7. dxe5 dxe5 8. 0-0-0 Qe7 9. h3 Nbd7 10. Bh6 c6 11. Qg5 b5 12. Bd3 b4 13. Bxg7 Kxg7 14. Ne2 h6 15. Qe3 a5 16. g4 a4 17. g5 hxg5 18. Nxg5 b3 19. a3 bxc2 20. Bxc2 Qc5 21. Nc3 Qxe3+ 22. fxe3 Nc5 23. Rd6 Ra6 24. Rg1 Nfd7 25. Nf3 Rh8 26. h4 f6 27. Na2 Nb7 28. Rd2 Ra8 29. Rh2 Ndc5 30. Rhg2 Rh6 31. Kb1 Be6 32. Nb4 Na5 33. Bd3 Rd8 34. Bc2 Bf7 35. Rh2 Rd6 36. h5 g5 37. Nh4 Be6 38. Nf5+ Bxf5 39. exf5 Nc4 40. Rh3 Rh8 41. Rd1 Rhd8 42. h6+ Kh7 43. Rxd6 Rxd6 44. Na2 g4 45. Rg3 Kxh6 46. Rxg4 Nxe3 47. Rg6+ Kh5 48. Nc3 Kh4 49. Bxa4 Nxa4 50. Nxa4 Nxf5 51. Nc5 Kh5 52. Rg8 Ne3 53. b4 f5 54. Kb2 Rg6 1/2-1/2

[Event "IECG TE.2001.F.00800 email"]
[Site "IECG email"]
[Date "2005.01.28"]
[Round "?"]
[White "Zaichuk, Vitaliy"]
[Black "Subramanian, Ravichandran"]
[Result "1-0"]
[WhiteElo "2100"]
[BlackElo "1061"]
[PlyCount "76"]
[EventDate "2005.01.28"]
[EventType "tourn (corr)"]
[EventRounds "4"]
[SourceTitle "Corr 2008"]
[Source "ChessBase"]
[SourceDate "2008.06.24"]
[SourceVersion "1"]
[SourceVersionDate "2008.06.24"]
[SourceQuality "1"]

1. e4 d6 2. d4 Nf6 3. Nc3 g6 4. Be3 Bg7 5. Qd2 0-0 6. Nf3 a6 7. Bh6 Bg4 8. 0-0-0 Nc6 9. Bxg7 Kxg7 10. h3 Bxf3 11. gxf3 e5 12. dxe5 dxe5 13. Qe3 Qe7 14. Nd5 Nxd5 15. exd5 Na7 16. f4 Rfe8 17. fxe5 Qxe5 18. Qxe5+ Rxe5 19. Bg2 Nb5 20. c4 Nd6 21. c5 Nf5 22. Rhe1 Rxe1 23. Rxe1 Rb8 24. Kd2 b6 25. cxb6 cxb6 26. Rc1 Kf6 27. Rc7 Rd8 28. Rb7 Rd6 29. Kc3 Ne7 30. Kc4 g5 31. Be4 Ng6 32. Bxg6 Kxg6 33. b4 Rf6 34. a4 a5 35. bxa5 Rf4+ 36. Kb5 bxa5 37. d6 Kf6 38. Re7 Rxf2 1-0

[Event "IECG TE.2001.S.00803 email"]
[Site "IECG email"]
[Date "2003.08.10"]
[Round "?"]
[White "Celedon, Ivan"]
[Black "Subramanian, Ravichandran"]
[Result "0-1"]
[WhiteElo "1979"]
[BlackElo "1061"]
[PlyCount "74"]
[EventDate "2003.08.10"]
[EventType "tourn (corr)"]
[EventRounds "12"]
[SourceTitle "Corr 2008"]
[Source "ChessBase"]
[SourceDate "2008.06.24"]
[SourceVersion "1"]
[SourceVersionDate "2008.06.24"]
[SourceQuality "1"]

1. e4 d6 2. d4 Nf6 3. Nc3 g6 4. Nf3 Bg7 5. Be3 0-0 6. Qd2 c6 7. Bh6 Ng4 8. Bxg7 Kxg7 9. h3 Nf6 10. Bd3 Qa5 11. e5 dxe5 12. dxe5 Nd5 13. Nxd5 Qxd2+ 14. Nxd2 cxd5 15. Rd1 Nc6 16. Nf3 e6 17. c4 f6 18. exf6+ Kxf6 19. Kd2 Nb4 20. Kc3 Nxd3 21. Rxd3 dxc4 22. Kxc4 b6 23. Kd4 Rd8+ 24. Ke3 Rxd3+ 25. Kxd3 Bb7 26. Ke3 Bd5 27. a3 Rc8 28. Re1 g5 29. g3 h5 30. Rd1 Bxf3 31. Kxf3 Rc2 32. Rd7 a5 33. Rh7 Rxb2 34. Rxh5 a4 35. Rh6+ Kf5 36. g4+ Ke5 37. Rg6 Rb3+ 0-1

[Event "IECG TE.2001.S.00803 email"]
[Site "IECG email"]
[Date "2003.08.10"]
[Round "?"]
[White "Subramanian, Ravichandran"]
[Black "Celedon, Ivan"]
[Result "1-0"]
[WhiteElo "1061"]
[BlackElo "1979"]
[PlyCount "75"]
[EventDate "2003.08.10"]
[EventType "tourn (corr)"]
[EventRounds "12"]
[SourceTitle "Corr 2008"]
[Source "ChessBase"]
[SourceDate "2008.06.24"]
[SourceVersion "1"]
[SourceVersionDate "2008.06.24"]
[SourceQuality "1"]

1. e4 d6 2. d4 Nf6 3. Nc3 g6 4. Nf3 Bg7 5. Be3 0-0 6. Qd2 c6 7. h3 b5 8. Bd3 Qc7 9. Bh6 e5 10. Bxg7 Kxg7 11. a3 exd4 12. Nxd4 a5 13. 0-0 Nbd7 14. Qg5 Bb7 15. Rfe1 b4 16. Nce2 Rfe8 17. Nf5+ Kh8 18. Nh6 Kg7 19. Nd4 bxa3 20. Rxa3 d5 21. Ndf5+ Kf8 22. Ng3 Qe5 23. Qd2 Kg7 24. Raa1 Nc5 25. exd5 Qxb2 26. dxc6 Bxc6 27. Ngf5+ Kf8 28. Qf4 Nce4 29. Rab1 Qe5 30. Qxe5 Rxe5 31. Rb6 gxf5 32. Rxc6 Kg7 33. f4 Rc5 34. Rxc5 Nxc5 35. Nxf5+ Kf8 36. Bc4 Nce4 37. Re3 Rc8 38. Bd3 1-0

[Event "IECG TE.2001.S.00803 email"]
[Site "IECG email"]
[Date "2003.08.10"]
[Round "?"]
[White "Subramanian, Ravichandran"]
[Black "Sandehn, Kenth"]
[Result "1/2-1/2"]
[WhiteElo "1061"]
[BlackElo "2198"]
[PlyCount "141"]
[EventDate "2003.08.10"]
[EventType "tourn (corr)"]
[EventRounds "12"]
[SourceTitle "Corr 2008"]
[Source "ChessBase"]
[SourceDate "2008.06.24"]
[SourceVersion "1"]
[SourceVersionDate "2008.06.24"]
[SourceQuality "1"]

1. e4 d6 2. d4 Nf6 3. Nc3 g6 4. Nf3 Bg7 5. Be3 0-0 6. Qd2 e5 7. dxe5 dxe5 8. 0-0-0 Qe7 9. h3 Nbd7 10. Bh6 c6 11. Qg5 Bxh6 12. Qxh6 b5 13. Ng5 Bb7 14. h4 Nc5 15. h5 Rad8 16. f4 Rxd1+ 17. Nxd1 Rd8 18. Be2 exf4 19. hxg6 fxg6 20. e5 Qxe5 21. Nxh7 Nd5 22. Qxg6+ Qg7 23. Qh5 Ne4 24. Bg4 Bc8 25. Bxc8 Rxc8 26. Rh4 Ng3 27. Qf3 Kf7 28. Rg4 Qxh7 29. Rxg3 Re8 30. Qf2 Re7 31. Rh3 Qf5 32. Nc3 Kg6 33. Rh4 Nxc3 34. bxc3 Qe5 35. Qxf4 Qxf4+ 36. Rxf4 c5 37. Rf8 c4 38. Rb8 Re5 39. Kb2 Kf6 40. Rf8+ Kg5 41. Ra8 Re7 42. Rb8 Re5 43. Ka3 a6 44. Rb6 Re2 45. Kb2 Rxg2 46. Rxa6 Kf4 47. Ra5 Ke5 48. Rxb5+ Kd6 49. Rb4 Kc5 50. a4 Rg3 51. Rb8 Rf3 52. Rb4 Rg3 53. a5 Rg6 54. Ra4 Kb5 55. Ra1 Ka6 56. Ra2 Rg7 57. Ra4 Kb5 58. Rb4+ Kxa5 59. Rxc4 Kb6 60. Kb3 Rg8 61. Rf4 Rg3 62. Rf2 Kc5 63. Rd2 Rf3 64. Rd3 Rf8 65. c4 Kc6 66. Kc3 Rf5 67. Rh3 Kc5 68. Re3 Rg5 69. Rd3 Kc6 70. Rd5 Rg3+ 71. Rd3 1/2-1/2

[Event "IECG TE.2000.F.00501 email"]
[Site "IECG email"]
[Date "2002.01.15"]
[Round "?"]
[White "Subramanian, Ravichandran"]
[Black "Malmstroem, Jan"]
[Result "1-0"]
[WhiteElo "1087"]
[BlackElo "1898"]
[PlyCount "107"]
[EventDate "2002.01.15"]
[EventType "tourn (corr)"]
[EventRounds "14"]
[SourceTitle "Corr 2008"]
[Source "ChessBase"]
[SourceDate "2008.06.24"]
[SourceVersion "1"]
[SourceVersionDate "2008.06.24"]
[SourceQuality "1"]

1. d4 f5 2. g3 Nf6 3. Bg2 e6 4. Nf3 Be7 5. 0-0 0-0 6. c4 d5 7. Bg5 Nbd7 8. Nbd2 h6 9. Bxf6 Nxf6 10. Ne5 c5 11. Nb3 cxd4 12. Qxd4 Ne4 13. Rfd1 Bf6 14. f4 dxc4 15. Qxc4 Qb6+ 16. Qd4 Qxd4+ 17. Rxd4 b6 18. Bxe4 fxe4 19. Rxe4 Bb7 20. Rd4 Bxe5 21. fxe5 Rf5 22. Rd7 Ba6 23. Rf1 Bb5 24. Re7 Rxf1+ 25. Kxf1 Bc4 26. Ke1 Bd5 27. Nd4 Bxa2 28. b3 a5 29. Rxe6 a4 30. Rxb6 a3 31. Nc2 Bb1 32. Na1 Kf7 33. Kd2 Ra5 34. Rb7+ Ke6 35. Rxg7 a2 36. Rg8 Kxe5 37. Re8+ Kd4 38. Rd8+ Ke4 39. b4 Rb5 40. Kc3 Rb6 41. Rc8 Re6 42. Nb3 Ra6 43. Kb2 Ke3 44. Re8+ Kf2 45. b5 Ra4 46. Rf8+ Kxe2 47. Rf4 Ra8 48. b6 Rb8 49. Rb4 Kf3 50. g4 Kg2 51. h4 Kg3 52. g5 h5 53. b7 Bf5 54. Nc5 1-0

[Event "IECG TE.2000.F.00501 email"]
[Site "IECG email"]
[Date "2002.01.15"]
[Round "?"]
[White "Subramanian, Ravichandran"]
[Black "Marcotulli, Giancarlo"]
[Result "1/2-1/2"]
[WhiteElo "1087"]
[BlackElo "1998"]
[PlyCount "59"]
[EventDate "2002.01.15"]
[EventType "tourn (corr)"]
[EventRounds "14"]
[SourceTitle "Corr 2008"]
[Source "ChessBase"]
[SourceDate "2008.06.24"]
[SourceVersion "1"]
[SourceVersionDate "2008.06.24"]
[SourceQuality "1"]

1. d4 f5 2. g3 Nf6 3. Bg2 e6 4. Nf3 Be7 5. 0-0 0-0 6. c4 d5 7. Nc3 c6 8. Bf4 Bd7 9. Qd3 Bc8 10. Bg5 Ne4 11. Bxe7 Qxe7 12. Rac1 Nd7 13. Qe3 Re8 14. Rc2 Nd6 15. cxd5 exd5 16. Qxe7 Rxe7 17. Rfc1 Nf6 18. Ne5 Be6 19. e3 g5 20. b4 Rae8 21. a4 Ng4 22. Nxg4 fxg4 23. b5 Bf5 24. Ra2 h5 25. bxc6 bxc6 26. Nd1 Rc8 27. Bf1 Kf7 28. Ba6 Rcc7 29. Rb2 Ke6 30. Rb8 1/2-1/2

[Event "IECG TE.2000.S.00403 email"]
[Site "IECG email"]
[Date "2001.10.13"]
[Round "?"]
[White "Subramanian, Ravichandran"]
[Black "Sabean, Steven"]
[Result "0-1"]
[WhiteElo "1087"]
[BlackElo "1487"]
[PlyCount "68"]
[EventDate "2001.10.13"]
[EventType "tourn (corr)"]
[EventRounds "10"]
[SourceTitle "Corr 2008"]
[Source "ChessBase"]
[SourceDate "2008.06.24"]
[SourceVersion "1"]
[SourceVersionDate "2008.06.24"]
[SourceQuality "1"]

1. e4 e5 2. Nf3 Nc6 3. Bc4 Nf6 4. Ng5 Bc5 5. Bxf7+ Ke7 6. Bd5 Rf8 7. 0-0 d6 8. c3 Qe8 9. d3 Bg4 10. Qd2 Bb6 11. a4 a5 12. h3 Bd7 13. Nf3 Nh5 14. Qg5+ Rf6 15. Qh4 h6 16. g4 Nf4 17. Bxf4 exf4 18. Bxc6 Bxc6 19. e5 dxe5 20. Nxe5 g5 21. Nxc6+ bxc6 22. Re1+ Kd7 23. Rxe8 Rxe8 24. Qh5 Re1+ 25. Kh2 Bxf2 26. Nd2 Bg3+ 27. Kg2 Re2+ 28. Kg1 Rxd2 29. h4 Bxh4 30. b4 f3 31. Rf1 axb4 32. cxb4 f2+ 33. Kg2 Rxd3 34. a5 Rff3 0-1

[Event "IECG TE.2000.S.00403 email"]
[Site "IECG email"]
[Date "2001.10.13"]
[Round "?"]
[White "Subramanian, Ravichandran"]
[Black "Sandehn, Kenth"]
[Result "0-1"]
[WhiteElo "1087"]
[BlackElo "2144"]
[PlyCount "68"]
[EventDate "2001.10.13"]
[EventType "tourn (corr)"]
[EventRounds "10"]
[SourceTitle "Corr 2008"]
[Source "ChessBase"]
[SourceDate "2008.06.24"]
[SourceVersion "1"]
[SourceVersionDate "2008.06.24"]
[SourceQuality "1"]

1. e4 e5 2. Nf3 Nc6 3. Bc4 Nf6 4. Ng5 Bc5 5. Nxf7 Bxf2+ 6. Kxf2 Nxe4+ 7. Kg1 Qh4 8. g3 Nxg3 9. hxg3 Qxg3+ 10. Kf1 d5 11. Nxh8 Bh3+ 12. Rxh3 Qxh3+ 13. Kg1 Qg3+ 14. Kf1 Ke7 15. Nf7 dxc4 16. Qe1 Qh3+ 17. Kg1 Qg4+ 18. Kh2 Qh5+ 19. Kg1 Kxf7 20. Nc3 Nd4 21. Qg3 Rd8 22. d3 Rd6 23. Bg5 Rg6 24. Kf2 Rxg5 25. Rh1 Qxh1 26. Qxg5 Qf3+ 27. Kg1 cxd3 28. cxd3 Qxd3 29. Qh5+ Qg6+ 30. Qxg6+ Kxg6 31. Nd5 c6 32. Ne7+ Kf6 33. Nc8 Ke6 34. Nxa7 Kd7 0-1

[Event "IECG TE.2001.P.00802 email"]
[Site "IECG email"]
[Date "2001.10.05"]
[Round "?"]
[White "Muller, Henry"]
[Black "Subramanian, Ravichandran"]
[Result "1-0"]
[WhiteElo "2097"]
[BlackElo "1087"]
[PlyCount "109"]
[EventDate "2001.10.05"]
[EventType "tourn (corr)"]
[EventRounds "8"]
[SourceTitle "Corr 2008"]
[Source "ChessBase"]
[SourceDate "2008.06.24"]
[SourceVersion "1"]
[SourceVersionDate "2008.06.24"]
[SourceQuality "1"]

1. e4 d6 2. d4 Nf6 3. Nc3 g6 4. Nf3 Bg7 5. Be3 0-0 6. Qd2 Bg4 7. Ng5 Nc6 8. d5 Nb8 9. f3 Bd7 10. h4 e6 11. dxe6 fxe6 12. e5 dxe5 13. 0-0-0 Nc6 14. h5 gxh5 15. Bc5 Re8 16. Nce4 Nd4 17. Nxf6+ Qxf6 18. Rxh5 Rad8 19. Bxd4 Bc6 20. Nxh7 Qe7 21. Bd3 Rxd4 22. Ng5 Bb5 23. Bh7+ Kf8 24. Qe3 Rxd1+ 25. Kxd1 Rd8+ 26. Kc1 Bc4 27. a3 Qd6 28. Qe1 Qb6 29. Be4 Rd6 30. Rh1 Qd4 31. c3 Qb6 32. Bc2 Bb3 33. Ne4 Rd5 34. Qe2 c6 35. g4 Bxc2 36. Kxc2 Qc7 37. Rh7 Qa5 38. g5 Qa4+ 39. Kc1 c5 40. g6 b6 41. Qf1 Qe8 42. Qg2 Rd7 43. Qg4 Kg8 44. Ng3 Bh8 45. Rh1 Qe7 46. Nh5 Bf6 47. Rg1 Kf8 48. f4 e4 49. f5 e5 50. Qxe4 Qd8 51. Rh1 Kg8 52. Qc4+ Kf8 53. Qe6 Bg5+ 54. Kb1 Re7 55. g7+ 1-0

[Event "IECG CN.2000.0.00222"]
[Site "IECG email"]
[Date "2000.11.16"]
[Round "?"]
[White "Subramanian, Ravichandran"]
[Black "Beaver, Michael Andrew"]
[Result "1-0"]
[WhiteElo "800"]
[BlackElo "996"]
[PlyCount "65"]
[EventDate "2000.11.16"]
[EventType "tourn (corr)"]
[EventRounds "6"]
[SourceTitle "Corr 2008"]
[Source "ChessBase"]
[SourceDate "2008.06.24"]
[SourceVersion "1"]
[SourceVersionDate "2008.06.24"]
[SourceQuality "1"]

1. e4 e5 2. Nf3 Nc6 3. Bc4 Nf6 4. d4 exd4 5. e5 d5 6. Bb5 Nd7 7. 0-0 Bc5 8. Bxc6 bxc6 9. Nxd4 Bxd4 10. Qxd4 0-0 11. f4 Ba6 12. Re1 Qh4 13. Bd2 Rfe8 14. Bc3 Qg4 15. Na3 Nb6 16. Re3 Rad8 17. Rg3 Qe6 18. f5 Qxf5 19. e6 f6 20. Qxf6 Qxf6 21. Bxf6 g6 22. Bxd8 Rxd8 23. Re1 Re8 24. Rc3 Bb7 25. b3 d4 26. Rc5 Nd5 27. Nc4 Bc8 28. Na5 Rxe6 29. Rxe6 Bxe6 30. Nxc6 a6 31. Nxd4 Bf7 32. c4 Nc3 33. a4 1-0

[Event "IECG TE.2000.P.00501 email"]
[Site "IECG email"]
[Date "2000.11.08"]
[Round "?"]
[White "Ibar, Marcelo Rodolfo"]
[Black "Subramanian, Ravichandran"]
[Result "1/2-1/2"]
[WhiteElo "2297"]
[BlackElo "994"]
[PlyCount "44"]
[EventDate "2000.11.08"]
[EventType "tourn (corr)"]
[EventRounds "12"]
[SourceTitle "Corr 2008"]
[Source "ChessBase"]
[SourceDate "2008.06.24"]
[SourceVersion "1"]
[SourceVersionDate "2008.06.24"]
[SourceQuality "1"]

1. d4 f5 2. g3 Nf6 3. Bg2 e6 4. Nf3 Be7 5. 0-0 0-0 6. c4 d5 7. b3 Bd7 8. Ba3 Be8 9. Bxe7 Qxe7 10. Nbd2 Nbd7 11. Ne5 Nxe5 12. dxe5 Ne4 13. Nxe4 dxe4 14. Qd4 Bc6 15. Rfd1 f4 16. e3 f3 17. Bh3 Rad8 18. Qc3 Rfe8 19. b4 a6 20. Rd4 Qg5 21. Rxd8 Qxd8 22. Qd4 Qe7 1/2-1/2

[Event "IECG TE.2000.P.00501 email"]
[Site "IECG email"]
[Date "2000.11.08"]
[Round "?"]
[White "Maloberti, David"]
[Black "Subramanian, Ravichandran"]
[Result "0-1"]
[WhiteElo "1986"]
[BlackElo "994"]
[PlyCount "84"]
[EventDate "2000.11.08"]
[EventType "tourn (corr)"]
[EventRounds "12"]
[SourceTitle "Corr 2008"]
[Source "ChessBase"]
[SourceDate "2008.06.24"]
[SourceVersion "1"]
[SourceVersionDate "2008.06.24"]
[SourceQuality "1"]

1. d4 f5 2. g3 Nf6 3. Bg2 e6 4. Nf3 Be7 5. 0-0 0-0 6. c4 d5 7. Nbd2 c6 8. Qc2 Ne4 9. Ne5 Nd7 10. Nd3 Qe8 11. f3 Nxd2 12. Bxd2 Bf6 13. e3 Kh8 14. f4 g5 15. c5 g4 16. b4 Bg7 17. a4 Rf6 18. b5 Rh6 19. Bc3 Qh5 20. Bh1 Nf6 21. Ne5 Qe8 22. bxc6 bxc6 23. Rfb1 Ne4 24. Rb2 Bxe5 25. fxe5 Ba6 26. Rab1 Ng5 27. h4 gxh3 28. Kh2 Qg8 29. Be1 Rg6 30. Qc3 Ne4 31. Qa5 Bd3 32. Rd1 Bc4 33. Bxe4 fxe4 34. Rb7 Rg7 35. Rdb1 Qf8 36. Qd2 Rf7 37. Rxf7 Qxf7 38. Qf2 Qg7 39. Qf6 Qxf6 40. exf6 Rf8 41. Rb7 Rxf6 42. Rxa7 Bf1 0-1

[Event "IECG TE.2000.P.00501 email"]
[Site "IECG email"]
[Date "2000.11.08"]
[Round "?"]
[White "Subramanian, Ravichandran"]
[Black "Ibar, Marcelo Rodolfo"]
[Result "1/2-1/2"]
[WhiteElo "994"]
[BlackElo "2297"]
[PlyCount "34"]
[EventDate "2000.11.08"]
[EventType "tourn (corr)"]
[EventRounds "12"]
[SourceTitle "Corr 2008"]
[Source "ChessBase"]
[SourceDate "2008.06.24"]
[SourceVersion "1"]
[SourceVersionDate "2008.06.24"]
[SourceQuality "1"]

1. d4 f5 2. g3 Nf6 3. Bg2 e6 4. Nf3 Be7 5. 0-0 0-0 6. c4 d5 7. Nbd2 b6 8. b3 Bb7 9. Bb2 c5 10. Rc1 Nc6 11. cxd5 exd5 12. dxc5 bxc5 13. Ne1 Nb4 14. a3 Na6 15. Nd3 Ne4 16. Qc2 Qb6 17. Rfd1 Rad8 1/2-1/2

[Event "IECG TE.2000.P.00404 email"]
[Site "IECG email"]
[Date "2000.07.15"]
[Round "?"]
[White "Palkovics, Laszlo"]
[Black "Subramanian, Ravichandran"]
[Result "0-1"]
[WhiteElo "1004"]
[BlackElo "993"]
[PlyCount "34"]
[EventDate "2000.07.15"]
[EventType "tourn (corr)"]
[EventRounds "12"]
[SourceTitle "Corr 2008"]
[Source "ChessBase"]
[SourceDate "2008.06.24"]
[SourceVersion "1"]
[SourceVersionDate "2008.06.24"]
[SourceQuality "1"]

1. e4 e5 2. Nf3 Nc6 3. Bc4 Nf6 4. Ng5 Bc5 5. Bxf7+ Kf8 6. Bb3 d5 7. exd5 Nd4 8. Ne6+ Bxe6 9. dxe6 Nxb3 10. axb3 Qd5 11. 0-0 e4 12. Nc3 Qxe6 13. Ra4 c6 14. Re1 b5 15. Nxe4 Re8 16. Ra1 Nxe4 17. Qf3+ Qf7 0-1

[Event "IECG TE.2000.P.00404 email"]
[Site "IECG email"]
[Date "2000.07.15"]
[Round "?"]
[White "Subramanian, Ravichandran"]
[Black "Carrier, Michel"]
[Result "1-0"]
[WhiteElo "993"]
[BlackElo "1450"]
[PlyCount "21"]
[EventDate "2000.07.15"]
[EventType "tourn (corr)"]
[EventRounds "12"]
[SourceTitle "Corr 2008"]
[Source "ChessBase"]
[SourceDate "2008.06.24"]
[SourceVersion "1"]
[SourceVersionDate "2008.06.24"]
[SourceQuality "1"]

1. e4 e5 2. Nf3 Nc6 3. Bc4 Nf6 4. Ng5 Bc5 5. d4 Bxd4 6. c3 Bc5 7. Nxf7 Bxf2+ 8. Kf1 Qe7 9. Nxh8 Nxe4 10. Qh5+ g6 11. Nxg6 1-0

[Event "IECG TE.2000.P.00404 email"]
[Site "IECG email"]
[Date "2000.07.15"]
[Round "?"]
[White "Subramanian, Ravichandran"]
[Black "Petters Merino, Oscar Augusto"]
[Result "1-0"]
[WhiteElo "993"]
[BlackElo "2235"]
[PlyCount "31"]
[EventDate "2000.07.15"]
[EventType "tourn (corr)"]
[EventRounds "12"]
[SourceTitle "Corr 2008"]
[Source "ChessBase"]
[SourceDate "2008.06.24"]
[SourceVersion "1"]
[SourceVersionDate "2008.06.24"]
[SourceQuality "1"]

1. e4 e5 2. Nf3 Nc6 3. Bc4 Nf6 4. Ng5 Bc5 5. Bxf7+ Ke7 6. Bb3 Rf8 7. 0-0 Qe8 8. Nc3 Nd4 9. Na4 Bd6 10. d3 b5 11. Nc3 Qg6 12. Be3 c6 13. f4 h6 14. fxe5 Bxe5 15. Nf3 Qh5 16. Bxd4 1-0

[Event "IECG TE.2000.P.00404 email"]
[Site "IECG email"]
[Date "2000.07.15"]
[Round "?"]
[White "Subramanian, Ravichandran"]
[Black "Quinlan, Terrence"]
[Result "1-0"]
[WhiteElo "993"]
[BlackElo "1166"]
[PlyCount "31"]
[EventDate "2000.07.15"]
[EventType "tourn (corr)"]
[EventRounds "12"]
[SourceTitle "Corr 2008"]
[Source "ChessBase"]
[SourceDate "2008.06.24"]
[SourceVersion "1"]
[SourceVersionDate "2008.06.24"]
[SourceQuality "1"]

1. e4 e5 2. Nf3 Nc6 3. Bc4 Nf6 4. Ng5 Bc5 5. Nxf7 Bxf2+ 6. Kf1 Qe7 7. Nxh8 Qc5 8. d3 d6 9. Bg5 Bg4 10. Qd2 Nxe4 11. Bf7+ Kd7 12. dxe4 Rxh8 13. Qxf2 Qxf2+ 14. Kxf2 Rf8 15. Kg3 Be2 16. Nc3 1-0

[Event "IECG CP.1999.P.00062"]
[Site "IECG email"]
[Date "1999.10.01"]
[Round "?"]
[White "Makowiecki, Zbigniew"]
[Black "Subramanian, Ravichandran"]
[Result "1/2-1/2"]
[WhiteElo "1828"]
[BlackElo "800"]
[PlyCount "122"]
[EventDate "1999.10.01"]
[EventType "tourn (corr)"]
[EventRounds "6"]
[EventCountry "MEX"]
[SourceTitle "Corr 2008"]
[Source "ChessBase"]
[SourceDate "2008.06.24"]
[SourceVersion "1"]
[SourceVersionDate "2008.06.24"]
[SourceQuality "1"]

1. e4 c5 2. Nf3 Nc6 3. d4 cxd4 4. Nxd4 Nf6 5. Nc3 d6 6. Be2 g6 7. Be3 Bg7 8. 0-0 0-0 9. Qd2 Nxd4 10. Bxd4 a6 11. f4 e5 12. Be3 b5 13. fxe5 dxe5 14. Qxd8 Rxd8 15. Bg5 Rd6 16. Bxf6 Rxf6 17. Rxf6 Bxf6 18. a4 bxa4 19. Rxa4 Bg7 20. Nd5 Bb7 21. Rb4 Ra7 22. Rc4 Ra8 23. Rc7 Rb8 24. b3 f6 25. Bc4 Kh8 26. Rf7 g5 27. Kf2 Bxd5 28. exd5 Rf8 29. Ra7 a5 30. Rxa5 h5 31. d6 Rd8 32. Rd5 Bf8 33. d7 Kg7 34. c3 g4 35. b4 f5 36. b5 Kf6 37. b6 Be7 38. b7 h4 39. g3 hxg3+ 40. hxg3 Rb8 41. Ke3 Bd8 42. Rb5 Bc7 43. Bb3 Ke7 44. Ba4 Ke6 45. Rb2 Bd8 46. Bc2 Bc7 47. c4 f4+ 48. Ke2 fxg3 49. Kf1 Kxd7 50. Kg2 e4 51. Bxe4 Rh8 52. Rb1 Rh2+ 53. Kf1 Rf2+ 54. Kg1 Bb8 55. c5 Kc7 56. Ra1 Re2 57. Bh1 Re7 58. Rb1 Rd7 59. Ra1 Re7 60. Rb1 Rd7 61. Ra1 Re7 1/2-1/2

[Event "IECG CP.1999.P.00062"]
[Site "IECG email"]
[Date "1999.10.01"]
[Round "?"]
[White "Muller, Carlos"]
[Black "Subramanian, Ravichandran"]
[Result "1-0"]
[WhiteElo "1718"]
[BlackElo "800"]
[PlyCount "81"]
[EventDate "1999.10.01"]
[EventType "tourn (corr)"]
[EventRounds "6"]
[EventCountry "MEX"]
[SourceTitle "Corr 2008"]
[Source "ChessBase"]
[SourceDate "2008.06.24"]
[SourceVersion "1"]
[SourceVersionDate "2008.06.24"]
[SourceQuality "1"]

1. Nf3 Nf6 2. d4 g6 3. c4 Bg7 4. Nc3 0-0 5. e4 d6 6. Bd3 Nc6 7. 0-0 Bg4 8. Be2 e5 9. d5 Ne7 10. Re1 c6 11. h3 Bd7 12. Bg5 cxd5 13. cxd5 Rc8 14. Qb3 Qc7 15. Rac1 Rfe8 16. Be3 a6 17. Qa3 Qb8 18. Nd2 Red8 19. Bb6 Rf8 20. Nc4 Ne8 21. Ba5 b5 22. Nb6 Rc7 23. Bf3 Bc8 24. Ne2 Bb7 25. Rxc7 Qxc7 26. Rc1 Qd8 27. Nc8 Qd7 28. Nxd6 Nxd6 29. Rc7 b4 30. Qxb4 Qb5 31. Rxe7 Ba8 32. Nc3 Qxb4 33. Bxb4 Nb5 34. a4 Nd4 35. Ra7 Rb8 36. Bd6 Rc8 37. Rxa6 f5 38. Ra7 Bf6 39. a5 h5 40. a6 h4 41. Bc7 1-0

[Event "IECG CP.1999.P.00062"]
[Site "IECG email"]
[Date "1999.10.01"]
[Round "?"]
[White "Subramanian, Ravichandran"]
[Black "Sidenko, Anatoly Viktorovich"]
[Result "1/2-1/2"]
[WhiteElo "800"]
[BlackElo "2199"]
[PlyCount "93"]
[EventDate "1999.10.01"]
[EventType "tourn (corr)"]
[EventRounds "6"]
[EventCountry "MEX"]
[SourceTitle "Corr 2008"]
[Source "ChessBase"]
[SourceDate "2008.06.24"]
[SourceVersion "1"]
[SourceVersionDate "2008.06.24"]
[SourceQuality "1"]

1. e4 h6 2. d4 e6 3. Nc3 d5 4. exd5 exd5 5. Nf3 Nf6 6. Bd3 Be7 7. 0-0 0-0 8. Bf4 Nc6 9. Nb5 a6 10. Nc3 Bg4 11. Be3 Nb4 12. Be2 Bf5 13. Ne1 Re8 14. a3 Nc6 15. Bd3 Be6 16. Nf3 Bd6 17. Re1 Ng4 18. h3 Nxe3 19. Rxe3 Qf6 20. Bf1 b5 21. g3 Ne7 22. Qd3 c5 23. Rae1 Rec8 24. Bg2 Nf5 25. R3e2 cxd4 26. Nb1 Bc5 27. Nbd2 Bb6 28. Nb3 Nxg3 29. Rxe6 fxe6 30. fxg3 Rxc2 31. Kh1 Rxb2 32. Nbxd4 Bxd4 33. Nxd4 Qf2 34. Re2 Rxe2 35. Nxe2 Rc8 36. Kh2 Rc4 37. Nf4 Re4 38. Nh5 Re1 39. h4 d4 40. a4 e5 41. Qg6 Qf7 42. Bd5 Rh1+ 43. Kxh1 Qxd5+ 44. Kg1 Qf7 45. Qxa6 bxa4 46. g4 Qd7 47. Qa8+ 1/2-1/2